|
|
|
|
| LEADER |
01735nam a22003733i 4500 |
| 001 |
EBC6637585 |
| 003 |
MiAaPQ |
| 005 |
20231204023216.0 |
| 006 |
m o d | |
| 007 |
cr cnu|||||||| |
| 008 |
231204s2020 xx o ||||0 ger d |
| 020 |
|
|
|a 9783110616743
|q (electronic bk.)
|
| 035 |
|
|
|a (MiAaPQ)EBC6637585
|
| 035 |
|
|
|a (Au-PeEL)EBL6637585
|
| 035 |
|
|
|a (OCoLC)1198931843
|
| 040 |
|
|
|a MiAaPQ
|b eng
|e rda
|e pn
|c MiAaPQ
|d MiAaPQ
|
| 100 |
1 |
|
|a Wedel, Michael.
|
| 245 |
1 |
0 |
|a Ort und Zeit :
|b Filmische Heterotopien Von Hochbaum Bis Tykwer.
|
| 250 |
|
|
|a 1st ed.
|
| 264 |
|
1 |
|a Berlin/Boston :
|b Walter de Gruyter GmbH,
|c 2020.
|
| 264 |
|
4 |
|c ©2020.
|
| 300 |
|
|
|a 1 online resource (144 pages)
|
| 336 |
|
|
|a text
|b txt
|2 rdacontent
|
| 337 |
|
|
|a computer
|b c
|2 rdamedia
|
| 338 |
|
|
|a online resource
|b cr
|2 rdacarrier
|
| 490 |
1 |
|
|a Cinepoetics Essay Series ;
|v v.1
|
| 505 |
0 |
|
|a Intro -- Inhalt -- Hinführung -- 1. Mischungen: EIN MÄDCHEN GEHT AN LAND -- 2. Sprengungen: EIN LORD AM ALEXANDERPLATZ -- 3. Kreuzungen: POLIZEIFILM -- 4. Spiegelungen: DIE SONNENGÖTTIN -- 5. Taktungen: LOLA RENNT -- Literaturverzeichnis -- Filmverzeichnis.
|
| 588 |
|
|
|a Description based on publisher supplied metadata and other sources.
|
| 590 |
|
|
|a Electronic reproduction. Ann Arbor, Michigan : ProQuest Ebook Central, 2023. Available via World Wide Web. Access may be limited to ProQuest Ebook Central affiliated libraries.
|
| 655 |
|
4 |
|a Electronic books.
|
| 776 |
0 |
8 |
|i Print version:
|a Wedel, Michael
|t Ort und Zeit
|d Berlin/Boston : Walter de Gruyter GmbH,c2020
|
| 797 |
2 |
|
|a ProQuest (Firm)
|
| 830 |
|
0 |
|a Cinepoetics Essay Series
|
| 856 |
4 |
0 |
|u https://ebookcentral.proquest.com/lib/matrademy/detail.action?docID=6637585
|z Click to View
|